000 00549nmm a2200181Ia 4500
008 251105s9999||||xx |||||||||||||||||und||
020 _a9788418128165
041 _aspa
100 _aMoya Valle, Antonio-Prometeo
245 0 _aCocina con Harry Potter
264 _a[Madrid, España] :
_bDuomo ediciones,
_c[Fecha de publicación no identificada]
300 _a0 páginas
650 _aCooking
700 _aMoya Valle, Antonio-Prometeo
700 1 _a Bucholz, Dinah
856 _uhttps://public.digitaliapublishing.com/a/81239
942 _cCF
999 _c69131
_d69131